000 00244nam a2200097Ia 4500
001 1211445
005 20250827024436.0
008 250824s9999 xx 000 0 und d
245 0 _aKIZLARIMA MEKTUPLAR
_cEMRE KONGAR
260 _bREMZİ KİTABEVİ
999 _c1211445
_d1211445